Statistiken für Periodensystem der Elemente

Klicken Sie hier um das Quiz zu spielen!

Allgemein

  • Dieses Quiz wurde 8.822 mal gespielt
  • Das Durchschnittsergebnis liegt bei 60 aus 118

Antwortstatistiken

#SymbolElement% Korrekt
1HWasserstoff
98%
2HeHelium
96%
8OSauerstoff
95%
79AuGold
92%
6CKohlenstoff
91%
26FeEisen
89%
47AgSilber
89%
11NaNatrium
87%
7NStickstoff
85%
3LiLithium
84%
12MgMagnesium
83%
10NeNeon
83%
17ClChlor
82%
29CuKupfer
82%
13AlAluminium
80%
19KKalium
80%
92UUran
80%
16SSchwefel
77%
18ArArgon
76%
5BBor
76%
9FFluor
76%
30ZnZink
76%
35BrBrom
74%
54XeXenon
73%
20CaCalcium
72%
4BeBeryllium
71%
82PbBlei
70%
50SnZinn
70%
53IIod
69%
15PPhosphor
69%
99EsEinsteinium
68%
80HgQuecksilber
68%
32GeGermanium
66%
28NiNickel
66%
78PtPlatin
65%
14SiSilicium
65%
86RnRadon
64%
22TiTitan
64%
25MnMangan
61%
94PuPlutonium
61%
88RaRadium
60%
36KrKrypton
59%
31GaGallium
58%
24CrChrom
57%
27CoKobalt
57%
33AsArsen
56%
55CsCäsium
56%
34SeSelen
56%
74WWolfram
55%
56BaBarium
54%
110DsDarmstadtium
54%
87FrFrancium
49%
23VVanadium
47%
84PoPolonium
46%
38SrStrontium
46%
98CfCalifornium
45%
46PdPalladium
45%
37RbRubidium
45%
49InIndium
44%
104RfRutherfordium
44%
39YYttrium
44%
77IrIridium
43%
52TeTellur
43%
83BiBismut
41%
42MoMolybdän
41%
76OsOsmium
41%
48CdCadmium
40%
21ScScandium
40%
85AtAstat
39%
58CeCer
39%
93NpNeptunium
39%
63EuEuropium
38%
95AmAmericium
37%
57LaLanthan
37%
41NbNiob
37%
51SbAntimon
36%
96CmCurium
36%
45RhRhodium
36%
73TaTantal
36%
81TlThallium
36%
40ZrZirconium
36%
107BhBohrium
34%
72HfHafnium
34%
90ThThorium
34%
89AcActinium
33%
108HsHassium
33%
43TcTechnetium
33%
70YbYtterbium
33%
115McMoscovium
32%
118OgOganesson
32%
60NdNeodym
31%
75ReRhenium
31%
111RgRoentgenium
31%
44RuRuthenium
31%
117TsTenness
31%
68ErErbium
30%
103LrLawrencium
30%
101MdMendelevium
30%
102NoNobelium
30%
109MtMeitnerium
29%
97BkBerkelium
28%
112CnCopernicium
28%
100FmFermium
28%
67HoHolmium
28%
71LuLutetium
27%
59PrPraseodym
27%
105DbDubnium
26%
116LvLivermorium
26%
91PaProtactinium
26%
106SgSeaborgium
26%
65TbTerbium
26%
69TmThulium
26%
61PmPromethium
25%
62SmSamarium
25%
113NhNihonium
24%
66DyDysprosium
23%
114FlFlerovium
23%
64GdGadolinium
23%

Verteilung der Resultate

Perzentil nach korrekt beantworteten Fragen

Anzahl Personen mit jedem Resultat

Ihre Resultats-Entwicklung

Sie haben dieses Quiz noch nicht gespielt